000 00558nam a2200229Ia 4500
003 OSt
005 20220924142232.0
006 a|||||r|||| 00| 0
007 ta
008 220923b |||||||| |||| 00| 0 ben d
024 _a300966
037 _cTextual
040 _aARTS
_cARTS
_bben
041 _2ben
_aben
082 _aV26255:71, 157M2
100 _aBandopadhyay
_9196155
245 0 _aMurshidabad
260 _c1982
650 _aHISTORY
942 _hV26255:71, 157M2
_cTEXL
_2CC
999 _c449841
_d449841